[Event "Bergneustadt- Halver- Schalksmühle"]
[Site "?"]
[Date "2022.10.02"]
[Round "2.2"]
[White "Michalik, Friedhelm"]
[Black "Browning, Rebecca"]
[Result "1-0"]
[WhiteElo "2119"]
[BlackElo "1915"]
[PlyCount "83"]
[SourceVersionDate "2023.06.22"]

1. d4 d5 2. Nf3 Nf6 3. e3 c6 4. b3 Bg4 5. Be2 Nbd7 6. Nbd2 e6 7. h3 Bf5 8. Bb2
Bd6 9. O-O Bb8 10. c4 O-O 11. Re1 Qc7 12. Nf1 Ne4 13. Nh4 Bg6 14. Bd3 Ndf6 15.
Nxg6 fxg6 16. Re2 g5 17. Rc2 Qf7 18. Ba3 Re8 19. Qe1 Qh5 20. f3 Nd6 21. e4 dxe4
22. fxe4 e5 23. dxe5 Rxe5 24. Bb2 Re8 25. e5 Nc8 26. Re2 Nd7 27. Bf5 Nf8 28.
Bxc8 Rxc8 29. e6 Re8 30. Rd1 Bc7 31. e7 Ng6 32. Qc3 Qh6 33. Ne3 Nf4 34. Rc2 Nh5
35. Rd7 Rac8 36. g4 Nf6 37. Nf5 Qg6 38. Rd1 Ne4 39. Qxg7+ Qxg7 40. Bxg7 Nc5 41.
Bd4 Ne6 42. Nh6# 1-0

[Event "Bergneustadt- Halver- Schalksmühle"]
[Site "?"]
[Date "2022.10.02"]
[Round "2.3"]
[White "Koelz, Niklas"]
[Black "Wang, Andre"]
[Result "1-0"]
[WhiteElo "1814"]
[BlackElo "2010"]
[PlyCount "69"]
[SourceVersionDate "2023.06.22"]

1. c4 e5 2. g3 Nf6 3. Bg2 Bc5 4. Nc3 Nc6 5. e3 a6 6. Nge2 Qe7 7. O-O e4 8. Qc2
Nb4 9. Qb1 d5 10. cxd5 Bf5 11. Nf4 g5 12. a3 gxf4 13. axb4 f3 14. bxc5 fxg2 15.
Kxg2 Qxc5 16. b4 Qe7 17. Ba3 Qd7 18. Kg1 h5 19. f3 exf3 20. e4 Bg4 21. Qa2 h4
22. e5 hxg3 23. hxg3 Rh3 24. exf6 Rxg3+ 25. Kf2 Rg2+ 26. Ke3 O-O-O 27. b5 Re8+
28. Be7 Rxe7+ 29. fxe7 Qxe7+ 30. Kd3 Bf5+ 31. Kc4 Rg4+ 32. d4 c5 33. bxc6 Qe3
34. cxb7+ Kb8 35. Qh2+ 1-0

[Event "Bergneustadt- Halver- Schalksmühle"]
[Site "?"]
[Date "2022.10.02"]
[Round "2.4"]
[White "Kiparski, Ekkehart"]
[Black "Schmidt, Volker"]
[Result "0-1"]
[WhiteElo "2012"]
[BlackElo "1967"]
[PlyCount "70"]
[SourceVersionDate "2023.06.22"]

1. e4 d5 2. exd5 Qxd5 3. Nc3 Qd6 4. d4 Nf6 5. Nf3 a6 6. a4 Bg4 7. Be2 Nc6 8. h3
Bxf3 9. Bxf3 O-O-O 10. Be3 e6 11. Qe2 Nxd4 12. Bxd4 Qxd4 13. Rd1 Qb4 14. Rxd8+
Kxd8 15. O-O Bd6 16. Rd1 Kc8 17. Ne4 Nxe4 18. Bxe4 Rd8 19. c3 Qxa4 20. b3 Qa5
21. b4 Qb6 22. c4 Bxb4 23. Rxd8+ Kxd8 24. Qf3 Ke7 25. Bxb7 Bd6 26. g3 a5 27.
Be4 h6 28. Bh7 Qd4 29. Bg8 Qf6 30. Qc6 Qe5 31. Kg2 g6 32. f4 Qb2+ 33. Kf3 Qb8
34. c5 Qb3+ 35. Kg4 Qd1+ 0-1

[Event "Bergneustadt- Halver- Schalksmühle"]
[Site "?"]
[Date "2022.10.02"]
[Round "2.6"]
[White "Stahlschmidt, Timo"]
[Black "Wollenweber, Frank"]
[Result "1/2-1/2"]
[WhiteElo "1753"]
[BlackElo "1800"]
[PlyCount "68"]
[SourceVersionDate "2023.06.22"]

1. e4 e6 2. d4 f5 3. Bd3 d5 4. exf5 exf5 5. Ne2 Be7 6. Ng3 g6 7. O-O Nf6 8. Bg5
Kf7 9. c4 Ng4 10. Bd2 Nc6 11. Bc3 Nf6 12. cxd5 Nxd5 13. Bc4 Bf6 14. Nd2 Nce7
15. Nf3 c6 16. Re1 Qd6 17. Ne5+ Kg7 18. Bd2 Bd7 19. Bh6+ Kg8 20. Bf4 g5 21.
Bxg5 Rf8 22. Bxf6 Rxf6 23. Nh5 Rh6 24. Qf3 Kf8 25. Nf4 Rg8 26. Re2 Nxf4 27.
Qxf4 Rg7 28. Nxd7+ Qxd7 29. Qxh6 Qxd4 30. Rae1 Ke8 31. Qe6 Rxg2+ 32. Kh1 Rxh2+
33. Kxh2 Qh4+ 34. Kg2 Qg4+ 1/2-1/2

[Event "Bergneustadt- Halver- Schalksmühle"]
[Site "?"]
[Date "2022.10.02"]
[Round "2.7"]
[White "Rieger, Mario"]
[Black "Sailer, Hans- Peter"]
[Result "0-1"]
[WhiteElo "1785"]
[BlackElo "1928"]
[PlyCount "96"]
[SourceVersionDate "2023.06.22"]

1. d4 Nf6 2. Nf3 e6 3. c4 d5 4. Nc3 Bb4 5. a3 Bxc3+ 6. bxc3 O-O 7. Bg5 h6 8.
Bh4 c5 9. e3 Qa5 10. Qb3 Nbd7 11. Be2 b6 12. O-O Ba6 13. Rfe1 dxc4 14. Bxc4
Bxc4 15. Qxc4 Rac8 16. Qb3 Ne4 17. c4 g5 18. Bg3 Nxg3 19. hxg3 Rfd8 20. Red1
Nf6 21. dxc5 Qxc5 22. Rxd8+ Rxd8 23. Qb5 Rc8 24. Qxc5 Rxc5 25. Nd2 Ng4 26. a4
Ne5 27. Rc1 a6 28. f4 Nd3 29. Rb1 Rc6 30. Kf1 Nc5 31. Ra1 Rd6 32. Ke2 Rxd2+ 33.
Kxd2 Nb3+ 34. Kc3 Nxa1 35. Kb2 Kf8 36. Kxa1 Ke7 37. Kb2 Kd6 38. Kc3 Kc5 39. Kb3
a5 40. Kc3 g4 41. Kb3 f6 42. Kc3 h5 43. Kb3 e5 44. Kc3 exf4 45. exf4 f5 46. Kd3
Kb4 47. Kd4 Kxa4 48. Kc3 Ka3 0-1

[Event "Bergneustadt- Halver- Schalksmühle"]
[Site "?"]
[Date "2022.10.02"]
[Round "2.8"]
[White "Schinkowski, Thomas"]
[Black "Ertelt, Ponchai"]
[Result "0-1"]
[WhiteElo "1761"]
[BlackElo "1819"]
[PlyCount "96"]
[SourceVersionDate "2023.06.22"]

1. d4 f5 2. Bf4 Nf6 3. Nf3 g6 4. Nc3 Bg7 5. Qd2 d6 6. O-O-O c6 7. Bh6 O-O 8.
Bxg7 Kxg7 9. h4 h6 10. e3 b5 11. Bd3 Qa5 12. Kb1 Be6 13. b3 Nbd7 14. Kb2 b4 15.
Ne2 Qa3+ 16. Kb1 Nd5 17. h5 Rf6 18. hxg6 Rxg6 19. Nh4 Rf6 20. c4 bxc3 21. Nxc3
Nxc3+ 22. Qxc3 Rb8 23. Bc4 d5 24. Bd3 c5 25. Qb2 Qb4 26. dxc5 Nxc5 27. Bc2 Na4
28. a3 Nxb2 29. axb4 Nxd1 30. Rxd1 Rxb4 31. Nf3 f4 32. Nd4 fxe3 33. fxe3 Bf7
34. Kb2 Bg6 35. Kc3 Rb7 36. Bxg6 Kxg6 37. Nf3 Rc6+ 38. Kd4 Rc2 39. Ne5+ Kf5 40.
g4+ Ke6 41. Rh1 Kd6 42. Rxh6+ e6 43. g5 Rg2 44. Nf3 Rg3 45. Rf6 Rxb3 46. g6
Rg4+ 47. Rf4 Rxf4+ 48. exf4 Rxf3 0-1

[Event "KKS 2- Welper"]
[Site "?"]
[Date "2022.10.02"]
[Round "2.1"]
[White "Fuellgrabe, Thomas"]
[Black "Langner, Jasper"]
[Result "0-1"]
[WhiteElo "2256"]
[BlackElo "1959"]
[PlyCount "54"]
[SourceVersionDate "2023.06.22"]

1. e4 c5 2. Nf3 d6 3. Bb5+ Bd7 4. c4 Nf6 5. Nc3 g6 6. Bxd7+ Nbxd7 7. O-O Bg7 8.
d3 O-O 9. Rb1 Rb8 10. Bd2 Ng4 11. Qe2 Nge5 12. Be3 Nxf3+ 13. Qxf3 Ne5 14. Qd1
Nc6 15. Ne2 Qa5 16. a3 b5 17. cxb5 Qxb5 18. d4 cxd4 19. Nxd4 Nxd4 20. Bxd4 a5
21. Bxg7 Kxg7 22. Qd4+ Kg8 23. Rfc1 Rfc8 24. Rxc8+ Rxc8 25. b4 axb4 26. axb4
Rc4 27. Qd3 Rc1+ 0-1

[Event "KKS 2- Welper"]
[Site "?"]
[Date "2022.10.02"]
[Round "2.2"]
[White "Schwibbert, Jonas"]
[Black "Bastians, Felix"]
[Result "0-1"]
[WhiteElo "1962"]
[BlackElo "2174"]
[PlyCount "102"]
[SourceVersionDate "2023.06.22"]

1. d4 Nf6 2. Nf3 e6 3. c4 d5 4. Nc3 Be7 5. Bf4 a6 6. e3 c5 7. dxc5 Bxc5 8. Be2
Bb4 9. O-O Bxc3 10. bxc3 O-O 11. Qc2 Nc6 12. Rfd1 Qa5 13. Nd2 h6 14. Bf3 Rd8
15. a4 Qc5 16. Rab1 e5 17. Bg3 Qe7 18. Bh4 g5 19. Bg3 Be6 20. Qb2 Rab8 21. cxd5
Bxd5 22. e4 Be6 23. Nf1 Rxd1 24. Rxd1 g4 25. Be2 Nxe4 26. Ne3 h5 27. Qc2 Nxg3
28. hxg3 Rd8 29. Qe4 Rxd1+ 30. Bxd1 Qa3 31. Bc2 Qxc3 32. Qh7+ Kf8 33. Bf5 Qe1+
34. Kh2 Qxf2 35. Bxe6 fxe6 36. Qxh5 Qxe3 37. a5 Qe4 38. Qg5 Kf7 39. Kg1 Nd4 40.
Qh6 Qb1+ 41. Kh2 Qg6 42. Qh8 Nf5 43. Qc8 Qh6+ 44. Kg1 Qe3+ 45. Kh2 Qxg3+ 46.
Kh1 Qe1+ 47. Kh2 g3+ 48. Kh3 Qh1+ 49. Kg4 Qh4+ 50. Kf3 Qh5+ 51. Ke4 Qe2# 0-1

[Event "KKS 2- Welper"]
[Site "?"]
[Date "2022.10.02"]
[Round "2.4"]
[White "Hendrix, Joachim"]
[Black "Linde, Wolfgang"]
[Result "1-0"]
[WhiteElo "1923"]
[BlackElo "2092"]
[PlyCount "49"]
[SourceVersionDate "2023.06.22"]

1. g3 d5 2. Bg2 Nf6 3. d3 e6 4. Nf3 Be7 5. O-O b6 6. Nbd2 Bb7 7. e4 c5 8. exd5
Nxd5 9. Re1 Nc6 10. Nc4 O-O 11. h4 h6 12. c3 Qc7 13. Qe2 Rad8 14. a4 Bf6 15.
Nh2 Rd7 16. Qg4 Ne5 17. Nxe5 Bxe5 18. Bxh6 f5 19. Qg6 Bf6 20. Rxe6 Ne7 21. Rxe7
Rxe7 22. Bf4 Be5 23. Bg5 Ree8 24. Nf3 Bxf3 25. Bxf3 1-0

[Event "KKS 2- Welper"]
[Site "?"]
[Date "2022.10.02"]
[Round "2.5"]
[White "Schaller, Torsten"]
[Black "Goldenstein, Arnd"]
[Result "1/2-1/2"]
[WhiteElo "1996"]
[BlackElo "1906"]
[PlyCount "83"]
[SourceVersionDate "2023.06.22"]

1. e4 e5 2. Nf3 Nc6 3. d4 exd4 4. Bc4 Nf6 5. e5 d5 6. Bb5 Nd7 7. O-O Be7 8.
Bxc6 bxc6 9. Nxd4 Nb8 10. Nc3 O-O 11. Qf3 Qd7 12. h3 Na6 13. Nxc6 Qxc6 14. Nxd5
Kh8 15. Nxe7 Qxf3 16. gxf3 Bxh3 17. Rd1 Rfe8 18. Nc6 Re6 19. Nd8 Rg6+ 20. Kh2
Bf5 21. c3 Nc5 22. Rd5 Nd3 23. Be3 Nxb2 24. Nxf7+ Kg8 25. Ng5 a5 26. Ne4 a4 27.
a3 Nc4 28. Ng3 Be6 29. Rd4 Nxe5 30. Kg2 Nc4 31. f4 c6 32. f5 Nxe3+ 33. fxe3
Bxf5 34. e4 Be6 35. Rad1 Rb8 36. Rd8+ Rxd8 37. Rxd8+ Kf7 38. Kf3 Ke7 39. Ra8
Bb3 40. Nf5+ Kf7 41. Ra7+ Kf8 42. Ra8+ 1/2-1/2

[Event "KKS 2- Welper"]
[Site "?"]
[Date "2022.10.02"]
[Round "2.6"]
[White "Pragua, Christoph"]
[Black "Conrad, Joachim"]
[Result "0-1"]
[WhiteElo "2084"]
[BlackElo "2024"]
[PlyCount "66"]
[SourceVersionDate "2023.06.22"]

1. d4 d6 2. Nf3 Nd7 3. c4 e5 4. Nc3 Ngf6 5. e4 Be7 6. Be2 c6 7. O-O O-O 8. h3
Re8 9. Re1 Bf8 10. Bf1 a6 11. b3 Rb8 12. Bb2 Qc7 13. Qc2 b6 14. Rac1 Bb7 15. d5
c5 16. g3 g6 17. Bg2 Bg7 18. Rcd1 Nh5 19. Bc1 Bc8 20. a4 Nf8 21. g4 Nf4 22.
Bxf4 exf4 23. e5 dxe5 24. Ne4 f5 25. gxf5 gxf5 26. d6 Qd7 27. Nc3 e4 28. Ng5 f3
29. Nxf3 exf3 30. Rxe8 Qxe8 31. Bxf3 Bd4 32. Nd5 Qg6+ 33. Kh1 Qxd6 0-1

[Event "KKS 2- Welper"]
[Site "?"]
[Date "2022.10.02"]
[Round "2.8"]
[White "Pfaar, Zeno"]
[Black "Heidt, Viktor"]
[Result "0-1"]
[WhiteElo "1735"]
[BlackElo "1670"]
[PlyCount "86"]
[SourceVersionDate "2023.06.22"]

1. d4 Nf6 2. c4 e6 3. Nf3 Bb4+ 4. Nbd2 O-O 5. e3 d6 6. Be2 Nbd7 7. O-O Bxd2 8.
Bxd2 Ne4 9. Be1 b6 10. Nd2 Bb7 11. Nxe4 Bxe4 12. f3 Bb7 13. d5 e5 14. Bd3 f5
15. Bc2 Qe7 16. Bg3 g6 17. Qe1 Qf6 18. Bh4 Qg7 19. Qc3 g5 20. Bf2 f4 21. Rae1
Kh8 22. g4 Rf6 23. exf4 gxf4 24. Kg2 h5 25. h3 Rh6 26. Rh1 Nf6 27. Reg1 hxg4
28. hxg4 Rxh1 29. Rxh1+ Kg8 30. Bh4 Kf7 31. Bxf6 Kxf6 32. Rh7 Qg5 33. Qd3 Bc8
34. Rxc7 Bxg4 35. fxg4 Qxg4+ 36. Kf2 Rg8 37. Qf5+ Qxf5 38. Bxf5 Kxf5 39. Rf7+
Ke4 40. Rxa7 Rh8 41. b3 Rh2+ 42. Kg1 Rb2 43. Ra6 f3 0-1

[Event "Düsseldorf 2- Holsterhausen"]
[Site "?"]
[Date "2022.10.02"]
[Round "2.1"]
[White "Schwalen, Peter"]
[Black "Harff, Marcel"]
[Result "1/2-1/2"]
[WhiteElo "2079"]
[BlackElo "2325"]
[Annotator "daniel"]
[PlyCount "80"]
[SourceVersionDate "2023.06.22"]

1. e4 e6 2. d3 c5 3. g3 Nf6 4. Bg2 d5 5. Nd2 Nc6 6. Ngf3 g6 7. O-O Bg7 8. Re1
O-O 9. c3 b5 10. a3 Rb8 11. exd5 Nxd5 12. Nb3 Qb6 13. d4 cxd4 14. Nbxd4 Nxd4
15. Nxd4 Bb7 16. Nf3 Rfd8 17. Qe2 Re8 18. Ne5 Rbd8 19. h4 Nf6 20. Be3 Qc7 21.
Bd4 Bxg2 22. Kxg2 Qb7+ 23. Qf3 Qxf3+ 24. Kxf3 a5 $11 25. Nc6 Ra8 26. Rad1 Ra6
27. Ne5 Rc8 28. Nd3 Nd5 29. Bxg7 Kxg7 30. Nf4 Nxf4 31. Kxf4 b4 32. cxb4 axb4
33. axb4 Rc2 34. Kf3 Ra2 35. Rb1 Raxb2 36. Rxb2 Rxb2 37. Re4 h5 38. Ke3 Rb3+
39. Kd2 Kf8 40. Ke2 Ke7 1/2-1/2

[Event "Düsseldorf 2- Holsterhausen"]
[Site "?"]
[Date "2022.10.02"]
[Round "2.2"]
[White "Von Buenau, Heinrich"]
[Black "Walbaum, Klaus"]
[Result "1/2-1/2"]
[WhiteElo "2200"]
[BlackElo "2119"]
[PlyCount "24"]
[SourceVersionDate "2023.06.22"]

1. d4 d5 2. Nf3 Nf6 3. g3 e6 4. Bg2 c5 5. c3 Nc6 6. O-O Be7 7. a3 O-O 8. b4
cxd4 9. cxd4 Ne4 10. Bb2 b5 11. Nfd2 Nxd2 12. Nxd2 a5 1/2-1/2

[Event "Düsseldorf 2- Holsterhausen"]
[Site "?"]
[Date "2022.10.02"]
[Round "2.3"]
[White "Dergatschova, Anna"]
[Black "Mueller, Michael"]
[Result "1/2-1/2"]
[WhiteElo "2117"]
[BlackElo "2194"]
[PlyCount "100"]
[SourceVersionDate "2023.06.22"]

1. e3 Nf6 2. c4 e6 3. Nf3 b6 4. d4 Bb4+ 5. Nc3 Bb7 6. Qb3 c5 7. a3 Bxc3+ 8.
bxc3 d6 9. Bd3 O-O 10. O-O Qc7 11. a4 Nc6 12. e4 cxd4 13. cxd4 e5 14. d5 Na5
15. Qc2 Nd7 16. Bd2 Nc5 17. Bxa5 bxa5 18. Nd2 Ba6 19. Be2 Rab8 20. Ra3 Rb4 21.
f4 Qb6 22. Kh1 Rb2 23. Qc3 Qb4 24. Rd1 Rxd2 25. Rxd2 Nxe4 26. Qxb4 axb4 27.
Raa2 b3 28. Rab2 Nxd2 29. Rxd2 exf4 30. Kg1 Rb8 31. Rb2 g5 32. Kf2 Kg7 33. Kf3
Kf6 34. Ke4 Rb4 35. Kd4 Rxa4 36. Rxb3 Ra2 37. Bf3 Rc2 38. Rb4 Rxc4+ 39. Rxc4
Bxc4 40. Kxc4 Ke5 41. h3 f5 42. Bd1 h6 43. Be2 a6 44. Bf3 a5 45. Kb5 h5 46.
Bxh5 Kxd5 47. Kxa5 Kd4 48. Kb5 Ke3 49. Bf3 Kf2 50. Bd5 Kg3 1/2-1/2

[Event "Düsseldorf 2- Holsterhausen"]
[Site "?"]
[Date "2022.10.02"]
[Round "2.4"]
[White "Luncescu, Christian"]
[Black "Kortenbusch, Christoph"]
[Result "1/2-1/2"]
[WhiteElo "2124"]
[BlackElo "2073"]
[PlyCount "46"]
[SourceVersionDate "2023.06.22"]

1. e4 c5 2. Nc3 Nc6 3. g3 g6 4. Bg2 Bg7 5. d3 Rb8 6. Be3 b5 7. Qd2 b4 8. Nd1 d6
9. Ne2 Qb6 10. O-O Nd4 11. Nc1 e6 12. c3 bxc3 13. bxc3 Nc6 14. Nb3 a5 15. Nb2
Ba6 16. Rfd1 Nge7 17. d4 cxd4 18. cxd4 Qb4 19. Qxb4 Rxb4 20. Bd2 Nxd4 21. Nxd4
Rxd4 22. Bxa5 Nc6 23. Bc3 Rxd1+ 1/2-1/2

[Event "Düsseldorf 2- Holsterhausen"]
[Site "?"]
[Date "2022.10.02"]
[Round "2.5"]
[White "Sicars, Thorsten"]
[Black "Zimmermann, Rolf"]
[Result "1-0"]
[WhiteElo "2021"]
[BlackElo "2060"]
[PlyCount "82"]
[SourceVersionDate "2023.06.22"]

1. c4 c5 2. Nf3 Nc6 3. d4 cxd4 4. Nxd4 Nf6 5. Nc3 g6 6. e4 d6 7. Be2 Bg7 8. Be3
Bd7 9. O-O O-O 10. Qd2 Nxd4 11. Bxd4 Bc6 12. f3 b6 13. Rfc1 Qd7 14. a4 Ne8 15.
a5 Bxd4+ 16. Qxd4 Rb8 17. axb6 Rxb6 18. Ra2 Nc7 19. Nd5 Bxd5 20. cxd5 Rfb8 21.
Rxa7 Nb5 22. Rxd7 Nxd4 23. Bf1 R6b7 24. Rcc7 Rxc7 25. Rxc7 e5 26. dxe6 Nxe6 27.
Rc2 Kf8 28. Bc4 Nc5 29. Bd5 f6 30. Kf1 Rb4 31. Ke2 Ke7 32. Bc4 Na4 33. b3 Nb6
34. Kd3 Nxc4 35. bxc4 Rb3+ 36. Kd4 Ke6 37. Ra2 h5 38. Ra6 Kd7 39. Ra7+ Ke6 40.
f4 Rb2 41. Rg7 Re2 1-0

[Event "Düsseldorf 2- Holsterhausen"]
[Site "?"]
[Date "2022.10.02"]
[Round "2.6"]
[White "Kesseler, Heiko"]
[Black "Lindenmaier, Reinhard"]
[Result "1-0"]
[WhiteElo "2019"]
[BlackElo "2087"]
[PlyCount "39"]
[SourceVersionDate "2023.06.22"]

1. e4 Nf6 2. e5 Nd5 3. c4 Nb6 4. d4 d6 5. exd6 cxd6 6. Nc3 g6 7. Be3 Bg7 8. Bd3
Nc6 9. Nge2 O-O 10. O-O e5 11. d5 Nb4 12. f3 Nxd3 13. Qxd3 Bf5 14. Ne4 Bxe4 15.
Qxe4 f5 16. Qd3 Rc8 17. Rac1 Qh4 18. Bf2 Qe7 19. c5 dxc5 20. Bxc5 1-0

[Event "Düsseldorf 2- Holsterhausen"]
[Site "?"]
[Date "2022.10.02"]
[Round "2.8"]
[White "Heller, Harald"]
[Black "Wagner, Markus"]
[Result "1-0"]
[WhiteElo "2031"]
[BlackElo "1668"]
[PlyCount "60"]
[SourceVersionDate "2023.06.22"]

1. d4 Nf6 2. Nf3 e6 3. e3 d5 4. Bd3 Bd6 5. O-O O-O 6. Nbd2 b6 7. e4 dxe4 8.
Nxe4 Nxe4 9. Bxe4 c6 10. c4 Qc7 11. Bxh7+ Kh8 12. Bc2 Bf4 13. Ne5 Bh6 14. Qh5
Kg8 15. Bxh6 gxh6 16. Qxh6 f5 17. f4 Qg7 18. Qh5 Qh7 19. Qg5+ Qg7 20. Qxg7+
Kxg7 21. Rad1 Bb7 22. Bb3 Rd8 23. Rf2 Nd7 24. Rfd2 Nf6 25. Bc2 Kf8 26. Nf3 Re8
27. Ng5 Rad8 28. h3 Nh5 29. Rf2 Kg7 30. Kh2 Kh6 1-0

[Event "Lasker Köln 2- Herzogenrath"]
[Site "?"]
[Date "2022.10.02"]
[Round "2.2"]
[White "Di Franco, Patricio"]
[Black "Schreyer, Oliver"]
[Result "1-0"]
[WhiteElo "2046"]
[BlackElo "2116"]
[PlyCount "143"]
[SourceVersionDate "2023.06.22"]

1. d4 f5 2. e4 fxe4 3. Nc3 Nf6 4. Bg5 Nc6 5. d5 Ne5 6. Qe2 c6 7. f4 Nf7 8.
O-O-O Nxg5 9. fxg5 Nxd5 10. Nxd5 cxd5 11. Rxd5 e6 12. Qxe4 Be7 13. Rd1 Bxg5+
14. Kb1 O-O 15. Bd3 g6 16. Nf3 d5 17. Qe2 Bd7 18. c3 Bf6 19. h4 e5 20. Bc2 e4
21. Nd4 Qc8 22. Rde1 Bxd4 23. cxd4 Bg4 24. Qe3 Qf5 25. h5 Bxh5 26. Rh4 Qf2 27.
Qxf2 Rxf2 28. g4 Rf4 29. Bd1 Raf8 30. Reh1 Rf1 31. gxh5 g5 32. R4h2 h6 33. Rxf1
Rxf1 34. Kc2 Kf7 35. Kd2 Kf6 36. Ke2 Rf4 37. Rf2 Kf5 38. Ke3 Rxf2 39. Kxf2 Kf4
40. Bb3 e3+ 41. Ke2 Ke4 42. Bc2+ Kxd4 43. Kf3 b5 44. a3 a5 45. Ke2 b4 46. axb4
axb4 47. Bd3 g4 48. Bc2 g3 49. Kf3 e2 50. Kxe2 g2 51. Kf2 g1=Q+ 52. Kxg1 Ke3
53. Kg2 Kd2 54. Bb3 d4 55. Kf3 Kc1 56. Ke4 Kxb2 57. Bc4 Kc3 58. Bd3 b3 59. Ba6
Kb4 60. Kxd4 Ka5 61. Bd3 Kb6 62. Ke5 Kc7 63. Kf6 Kd8 64. Bg6 b2 65. Kf7 Kd7 66.
Bb1 Kd6 67. Kg7 Ke7 68. Bg6 Ke6 69. Bb1 Ke7 70. Ba2 Ke8 71. Kxh6 Kf8 72. Kh7
1-0

[Event "Lasker Köln 2- Herzogenrath"]
[Site "?"]
[Date "2022.10.02"]
[Round "2.3"]
[White "Horbach, Fabian"]
[Black "Diesner, Michael"]
[Result "1-0"]
[WhiteElo "1975"]
[BlackElo "2022"]
[PlyCount "93"]
[SourceVersionDate "2023.06.22"]

1. d4 Nf6 2. Nf3 c5 3. e3 b6 4. Bd3 e6 5. Nbd2 Be7 6. O-O Qc7 7. Qe2 Nc6 8. c3
Bb7 9. Re1 h6 10. dxc5 bxc5 11. e4 d6 12. Nc4 O-O 13. e5 dxe5 14. Nfxe5 Nxe5
15. Nxe5 Bd6 16. Bf4 Nd5 17. Bg3 Rae8 18. Bb5 Rd8 19. Rad1 Nb6 20. Rd2 c4 21.
b3 cxb3 22. axb3 Qxc3 23. Nxf7 Rxf7 24. Rxd6 Rxd6 25. Bxd6 Qxb3 26. Be8 Rf6 27.
Be7 Rf5 28. Qxe6+ Qxe6 29. Rxe6 Ra5 30. h4 Nd5 31. Bd6 Nf6 32. Bc7 Ra1+ 33. Kh2
a5 34. Rb6 Be4 35. Rb8 Kh7 36. Be5 Ra2 37. Bxf6 gxf6 38. Kg3 a4 39. Rb4 Bc2 40.
Rb7+ Kh8 41. Ra7 Bb3 42. Kg4 Rxf2 43. Kh5 Rxg2 44. Kxh6 Kg8 45. Ra8 Kh8 46.
Bf7+ Rg8 47. Rxg8# 1-0

[Event "Lasker Köln 2- Herzogenrath"]
[Site "?"]
[Date "2022.10.02"]
[Round "2.4"]
[White "Cmiel, Thorsten"]
[Black "Haverkamp, Klaus"]
[Result "1/2-1/2"]
[WhiteElo "2044"]
[BlackElo "1863"]
[PlyCount "49"]
[SourceVersionDate "2023.06.22"]

1. Nf3 Nf6 2. c4 e6 3. Nc3 d5 4. e3 Be7 5. b3 O-O 6. Bb2 b6 7. Qc2 Nbd7 8. cxd5
exd5 9. Nxd5 Nxd5 10. Qc6 Nxe3 11. fxe3 Rb8 12. Qc2 Bb7 13. Be2 c5 14. O-O Bf6
15. Rad1 Bxb2 16. Qxb2 Qe7 17. Qc3 Nf6 18. Qe5 Qxe5 19. Nxe5 Rbd8 20. Bf3 Bxf3
21. gxf3 Rfe8 22. Nc4 Nd5 23. a3 f5 24. Kf2 g6 25. Rfe1 1/2-1/2

[Event "Lasker Köln 2- Herzogenrath"]
[Site "?"]
[Date "2022.10.02"]
[Round "2.5"]
[White "Arns, Danny"]
[Black "Senay, Baris"]
[Result "0-1"]
[WhiteElo "1889"]
[BlackElo "1956"]
[Annotator "daniel"]
[PlyCount "116"]
[SourceVersionDate "2023.06.22"]

1. e4 c5 2. c3 d5 3. exd5 Qxd5 4. Nf3 g6 5. Na3 Bg7 6. d4 cxd4 7. Nxd4 Nf6 8.
Bb5+ Bd7 9. Qf3 O-O 10. O-O e5 11. Bc4 Qxf3 12. Nxf3 Nc6 13. Re1 e4 14. Ng5 Bf5
15. Bf4 h6 16. Nxf7 Rxf7 17. Nb5 Nh5 18. Bxf7+ Kxf7 19. Bc7 Be5 20. Bxe5 Nxe5
21. Nd6+ Kf8 22. Nxe4 Nd3 23. Re3 Re8 24. Nd6 Rxe3 25. fxe3 Be6 26. Nxb7 Nxb2
27. Nc5 Bf7 28. Nd7+ Kg7 29. Rb1 Nc4 30. Rb7 a5 31. Kf2 Nd6 32. Rb6 Ne4+ 33.
Ke1 Nhf6 34. Ne5 Bxa2 35. Rb7+ Kg8 36. Rb8+ Kg7 37. Rb7+ Kg8 38. Ra7 Nxc3 39.
Rxa5 Bd5 40. Nxg6 Bxg2 41. Kf2 $11 Be4 42. Ne5 Nfd5 43. Ra7 Nd1+ 44. Ke2 N1xe3
45. h3 Nf5 46. Ra3 h5 47. Kf2 Nf4 48. Re3 Bd5 49. Rg3+ Nxg3 50. Kxg3 Ng2 51.
Nf3 Ne3 52. Kf4 Bxf3 53. Kxf3 Nf5 54. Kf4 Ng7 55. Kg5 Kf7 56. h4 Ke6 57. Kg6
Ke5 58. Kxg7 Kf5 0-1

[Event "Lasker Köln 2- Herzogenrath"]
[Site "?"]
[Date "2022.10.02"]
[Round "2.6"]
[White "Fohler, Claus"]
[Black "Schmitt, Lars"]
[Result "1-0"]
[WhiteElo "2290"]
[BlackElo "1815"]
[PlyCount "105"]
[SourceVersionDate "2023.06.22"]

1. d4 e6 2. Nf3 f5 3. g3 Nf6 4. Bg2 Be7 5. O-O O-O 6. c4 d6 7. b3 Ne4 8. Bb2
Bf6 9. Nbd2 Nxd2 10. Qxd2 a5 11. Rad1 Qe8 12. Rfe1 Nd7 13. e4 Qg6 14. e5 dxe5
15. dxe5 Be7 16. Nd4 f4 17. Be4 Qg4 18. f3 Qh3 19. Nxe6 fxg3 20. Qg2 Qxh2+ 21.
Qxh2 gxh2+ 22. Kxh2 Nc5 23. Nxf8 Nxe4 24. Rxe4 Kxf8 25. Kg3 Be6 26. Rh1 Kg8 27.
Rd4 a4 28. Rhd1 Bc5 29. Rd8+ Rxd8 30. Rxd8+ Kf7 31. Rb8 axb3 32. axb3 Ke7 33.
Rxb7 Kd7 34. Rb8 g6 35. Rh8 h5 36. Rh7+ Kc6 37. Bc3 Bf5 38. Ba5 Bb6 39. Bxb6
cxb6 40. Kf4 Kc5 41. Rxh5 Bc2 42. Rh6 Bxb3 43. Rxg6 Bxc4 44. Rg2 Kd4 45. Rb2 b5
46. e6 Kc3 47. e7 Kxb2 48. e8=Q b4 49. Ke3 b3 50. Kd2 Bf1 51. Qe5+ Ka2 52. Kc1
Ka3 53. Qa5# 1-0

[Event "Lasker Köln 2- Herzogenrath"]
[Site "?"]
[Date "2022.10.02"]
[Round "2.7"]
[White "Samraoui, Mekki"]
[Black "Glaser, Steffen"]
[Result "1-0"]
[WhiteElo "2066"]
[BlackElo "1980"]
[PlyCount "55"]
[SourceVersionDate "2023.06.22"]

1. d4 Nf6 2. Nf3 d5 3. c4 c6 4. cxd5 cxd5 5. Nc3 Nc6 6. Bf4 Bf5 7. e3 e6 8. Qb3
Qb6 9. Qxb6 axb6 10. Bb5 Nd7 11. O-O Be7 12. Ne5 Ndxe5 13. Bxe5 f6 14. Bc7 Bd8
15. Bxd8 Kxd8 16. Rfc1 Ke7 17. Na4 Ra5 18. Bxc6 bxc6 19. Nxb6 Kd6 20. b3 e5 21.
Na4 Rxa4 22. bxa4 Ra8 23. dxe5+ fxe5 24. Rc3 c5 25. Rac1 c4 26. f3 Bd3 27. Ra3
Kc5 28. Rxd3 1-0

[Event "Lasker Köln 2- Herzogenrath"]
[Site "?"]
[Date "2022.10.02"]
[Round "2.8"]
[White "Wolters, Michael"]
[Black "Weyer, Hans- Juergen"]
[Result "1-0"]
[WhiteElo "1560"]
[BlackElo "1852"]
[PlyCount "53"]
[SourceVersionDate "2023.06.22"]

1. e4 e6 2. d4 d5 3. e5 c5 4. c3 Nc6 5. Nf3 Qb6 6. a3 c4 7. Nbd2 f6 8. Be2 fxe5
9. Nxe5 Nf6 10. f4 Bd6 11. g4 O-O 12. g5 Nd7 13. Ndf3 Ne7 14. Rg1 Bxe5 15. fxe5
Ng6 16. Rg4 Qc7 17. Be3 Nb6 18. Qd2 Bd7 19. O-O-O Ne7 20. g6 Nxg6 21. Ng5 Rf5
22. Rdg1 Raf8 23. Nxh7 Kxh7 24. Rxg6 R8f7 25. Bh6 Ba4 26. Bxg7 Rf4 27. Rh6+ 1-0

[Event "Aachen 2- Euskirchen"]
[Site "?"]
[Date "2022.10.02"]
[Round "2.1"]
[White "Vandenbergen, Nicolas"]
[Black "Lamby, Philipp"]
[Result "0-1"]
[WhiteElo "2097"]
[BlackElo "2159"]
[PlyCount "38"]
[SourceVersionDate "2023.06.22"]

1. d4 Nf6 2. c4 e6 3. Nc3 Bb4 4. f3 c5 5. a3 Bxc3+ 6. bxc3 O-O 7. e3 Nc6 8. Bd3
b6 9. Ne2 Ba6 10. Ng3 Na5 11. Qe2 Ne8 12. e4 cxd4 13. cxd4 Nb3 14. Rb1 Nxd4 15.
Qe3 Nc6 16. e5 Qh4 17. O-O Bxc4 18. Rd1 d5 19. exd6 Nxd6 0-1